Регионална библиотека "Любен Каравелов" - Русе

Арчи Грийн и тайната на магьосника (Запис номер 168324)

MARC детайли
000 -Лидер
Контролно поле с фиксирана дължина 01396nam a2200373 c 4500
003 - Код на организацията, давaща контролен номер
Контролно поле BLK
005 - Дата и час на последна редакция
Контролно поле 20250528170401.0
008 - Елементи от данни с фиксирана дължина
fixed length control field 180411b bul|||||r ||||||| ||bul||
010 ## - Наследен системен номер
LC control number KNG00176208000
020 ## - Международен стандартен номер на книга ISBN
Международен стандартен номер на книга ISBN 9789547338371
040 ## - Източник на каталожния запис
Идентификатор на билиотеката - собственик на записа BLK
041 ## - Код за език
Код за езика на текст/звукозапис или на отделно заглавие Български
Код за езика КДБФ Български
080 ## - УДК
Текстов определител УДК Английска литература
УДК код - определител по УДК 821.111
УДК определител -93-31
УДК - код + определител 821.111-93-31
100 1# - Редна дума - Автор
Автор Еверест, Д. Д.
Авторска отговорност първи автор
R(LIN) 66509
139 ## - Редно поле
Редна дума Еверест, Д. Д.
Авторски знак Евер - Е 17
245 10 - Сведения за заглавието
Заглавие Арчи Грийн и тайната на магьосника
Редно поле (дума) Д. Д. Еверест; прев. от англ. Иван Ханджиев.
257 ## - Страна на издаване
Страна на създаване/издаване Великобритания
260 ## - Област на издателските данни
Име на издателя, разпространителя и проч. Прозорец
Година на издаване 2015
Печатница София : Инвестпрес
Място на издаване, разпространение и проч. София
300 ## - Физическа характеристика
Страници 280 с.
Размери/Мащаб 20 см
380 ## - Жанр
Жанр Детска худож. лит.
500 ## - Общи забележки
Забележка Изд. на Прозорче. - Ориг. загл. Archie Greene and the Magician's Secret / D. D. Everest.
653 ## - Ключова дума – ненормативна
Ключова дума фентъзи
653 ## - Ключова дума – ненормативна
Ключова дума романи
653 ## - Ключова дума – ненормативна
Ключова дума литература за деца
653 ## - Ключова дума – ненормативна
Ключова дума детска литература
700 ## - Други автори (авторска отговорност)
Лично име Ханджиев, Иван
Автороска отговорност (Описва отношението между автора и произведението) прев. от англ.
9 (RLIN) 1021
852 ## - Местоположение
Форматна сигнатура Цб 274525
856 4# - Електронен адрес и достъп
Електронен формат pdf - файл
856 4# - Електронен адрес и достъп
Електронен формат pdf - файл
999 ## - СИСТЕМНИ КОНТРОЛНИ НОМЕРА
Koha biblionumber 168324
Koha biblioitemnumber 168324
942 ## - АРТИКУЛИ
Вид на библиотечния материал Книги
Скрит в OPAC Не
Периодичен библиозапис Да
Koha issues (borrowed), all copies 2
944 ## - СЪЗДАВАНЕ И РЕДАКЦИЯ на ЗАПИСА
Създаване/Редакция Създаване
Дата на регистрацията/редакция 02.06.2015
Статус, дата на статуса Ива Цветкова
Служител, извършил регистрацията/редакцията 30543
944 ## - СЪЗДАВАНЕ И РЕДАКЦИЯ на ЗАПИСА
Създаване/Редакция Редакция
Дата на регистрацията/редакция 04.02.2016
Статус, дата на статуса ф /
Служител, извършил регистрацията/редакцията Пенка_Димитрова
999 ## - СИСТЕМНИ КОНТРОЛНИ НОМЕРА
Koha biblioitemnumber 168324
Наличности
Код за отписване Код за изгубен артикул Код за повреда Коз за рестрикции Код за отдаване Артикулен № Име на библиотеката - собственик Име на библиотеката, в която се намира в момента Статус (Текущо местоположение) Дата на вписване в системата Местоположение - отдел Цена в лева Инвентарен номер Систематично азбучна сигнатура Баркод Номер на екземпляра Цена в евро Служебна бележка Служебен тип на артикула Източник на класификационната схема
  Не е изгубен Не е повреден без рестрикции заемане за дома 284113 Регионална библиотека "Любен Каравелов" Русе Регионална библиотека "Любен Каравелов" Русе Детски отдел 2015-05-28 Детски отдел 14.00 120000788535 ДХ 820/899/Е 17 120000788535 1 7.16 Дост: Pk Вид: Ф N: 432 Дата: 22.05.2015 Книги  
  Не е изгубен Не е повреден без рестрикции ползва се в читалня 284114 Регионална библиотека "Любен Каравелов" Русе Регионална библиотека "Любен Каравелов" Русе Хранилище 2016-02-04 Хранилище 14.00 120000797361 Цб 274525 120000797361 2 7.16 Дост: Dp Вид: Д N: 1 Дата: 04.01.2016 Книги  
  Не е изгубен Не е повреден без рестрикции заемане за дома 799841 Регионална библиотека "Любен Каравелов" Русе Регионална библиотека "Любен Каравелов" Русе Детски отдел 2020-09-18 Детски отдел 9.80   821-93/Е 17 Д 120000847243   5.01   Книги Universal Decimal Classification
  Не е изгубен Не е повреден без рестрикции заемане за дома 799842 Регионална библиотека "Любен Каравелов" Русе Регионална библиотека "Любен Каравелов" Русе Детски отдел 2020-09-18 Детски отдел 9.80   821-93/Е 17 Д 120000847244   5.01   Книги Universal Decimal Classification
Vip Innovations Ltd, Rousse, Bulgaria 2025